[Event "Samara Polugaevsky Memorial 4th"]
[Site "Samara"]
[Date "2014.07.05"]
[Round "4"]
[White "Kuzmin, Egor"]
[Black "Bogolepov, Grigory"]
[Result "1-0"]
[WhiteElo "2171"]
[BlackElo "1896"]
[PlyCount "81"]
[EventDate "2014.07.02"]
[EventType "swiss"]
[EventRounds "9"]
[EventCountry "RUS"]
[SourceTitle "CBM 161 Extra"]
[Source "ChessBase"]
[SourceDate "2014.08.29"]
[SourceVersion "1"]
[SourceVersionDate "2014.08.29"]
[SourceQuality "1"]

1. c4 e6 2. d4 d5 3. Nc3 c6 4. cxd5 exd5 5. Nf3 Bf5 6. Bf4 Nf6 7. e3 Bd6 8. Bxd6 Qxd6 9. Qb3 b6 10. Be2 0-0 11. 0-0 Nbd7 12. Rfd1 Ne4 13. Rac1 a5 14. Nxe4 dxe4 15. Nd2 Rfc8 16. a3 a4 17. Qc2 Qe6 18. Nf1 Nf6 19. Ng3 Bg6 20. Bc4 Qe7 21. Ba2 c5 22. Qc4 h6 23. Bb1 Ng4 24. h3 Nf6 25. d5 Rd8 26. Bc2 Qe5 27. Bxa4 Qxb2 28. d6 Qe5 29. d7 Qe7 30. Rb1 Nxd7 31. Bxd7 Rxd7 32. Rxd7 Qxd7 33. Rxb6 Qa4 34. Qd5 Kh8 35. h4 f6 36. h5 Be8 37. Nxe4 Qxa3 38. Nxf6 gxf6 39. Qf5 Kg8 40. Rxf6 Qa1+ 41. Kh2 1-0

[Event "Samara Polugaevsky Memorial 2nd"]
[Site "Samara"]
[Date "2012.07.12"]
[Round "8"]
[White "Orekhov, Vladislav"]
[Black "Bogolepov, Grigory"]
[Result "1-0"]
[WhiteElo "1792"]
[BlackElo "1614"]
[PlyCount "61"]
[EventDate "2012.07.05"]
[EventType "swiss"]
[EventRounds "9"]
[EventCountry "RUS"]
[SourceTitle "CBM 149 Extra"]
[Source "ChessBase"]
[SourceDate "2012.08.24"]
[SourceVersion "1"]
[SourceVersionDate "2012.08.24"]
[SourceQuality "1"]

1. Nf3 d5 2. d4 Nf6 3. g3 c6 4. Bg2 Bf5 5. 0-0 Nbd7 6. b3 e6 7. Bb2 Bd6 8. c4 0-0 9. Nbd2 Qe7 10. Re1 Ne4 11. Nh4 Ndf6 12. Nxf5 exf5 13. a3 a5 14. Nf3 f4 15. cxd5 fxg3 16. hxg3 Nxg3 17. Ne5 Nf5 18. dxc6 Bxe5 19. dxe5 Ng4 20. e4 Qh4 21. Qf3 Ne7 22. cxb7 Ra6 23. Qg3 Qh5 24. Bf3 Rg6 25. e6 Nc6 26. e7 Re8 27. Rad1 Qb5 28. Bxg4 h5 29. Rd5 Qxb7 30. Rxh5 Qxe7 31. Qh3 1-0

[Event "Samara Polugaevsky Memorial 2nd"]
[Site "Samara"]
[Date "2012.07.08"]
[Round "4"]
[White "Bogolepov, Grigory"]
[Black "Gusev, Boris"]
[Result "0-1"]
[WhiteElo "1614"]
[BlackElo "1956"]
[PlyCount "142"]
[EventDate "2012.07.05"]
[EventType "swiss"]
[EventRounds "9"]
[EventCountry "RUS"]
[SourceTitle "CBM 149 Extra"]
[Source "ChessBase"]
[SourceDate "2012.08.24"]
[SourceVersion "1"]
[SourceVersionDate "2012.08.24"]
[SourceQuality "1"]

1. d4 d5 2. Nf3 Nf6 3. e3 c6 4. Bd3 Bg4 5. 0-0 Nbd7 6. h3 Bh5 7. c4 e5 8. Be2 Bxf3 9. Bxf3 e4 10. Be2 Bd6 11. Nc3 0-0 12. cxd5 cxd5 13. Qb3 Nb6 14. Nb5 Be7 15. Bd2 a6 16. Nc3 Rc8 17. f3 Bd6 18. Rac1 Bb8 19. Be1 exf3 20. Bxf3 Qd6 21. g3 Qe6 22. Kg2 Nc4 23. Bf2 Nd2 24. Qxb7 Nxf1 25. Rxf1 Rfd8 26. Qb3 h5 27. Na4 h4 28. Nc5 Qc6 29. Qd3 hxg3 30. Bxg3 Bxg3 31. Kxg3 Rd6 32. Rg1 Re8 33. Kf2 Ne4+ 34. Bxe4 dxe4 35. Qe2 Rf6+ 36. Ke1 Rh6 37. Qg2 Rg6 38. Qf2 Rxg1+ 39. Qxg1 Qb5 40. Qf2 Qa5+ 41. Kd1 Qxa2 42. Kc2 Rb8 43. Kc3 a5 44. Qc2 Rb4 45. Qe2 Qb1 46. Qd2 Qf1 47. b3 f5 48. Kb2 Qb5 49. Ka2 Qc6 50. h4 Qd6 51. Qf2 Qd5 52. Ka3 g6 53. Qg3 Qf7 54. h5 f4 55. exf4 Rxd4 56. hxg6 Qe7 57. Qc3 Rd5 58. b4 axb4+ 59. Kxb4 Qxc5+ 60. Qxc5 Rxc5 61. Kxc5 e3 62. Kd5 e2 63. Ke6 e1Q+ 64. Kf6 Qe4 65. f5 Qh4+ 66. Ke6 Kg7 67. Ke5 Qe7+ 68. Kf4 Kf6 69. Kg4 Qe4+ 70. Kh5 Qf4 71. g7 Qg5# 0-1

[Event "Samara Polugaevsky Memorial 2nd"]
[Site "Samara"]
[Date "2012.07.07"]
[Round "3"]
[White "Popelyshev, Igor Viktorovich"]
[Black "Bogolepov, Grigory"]
[Result "1-0"]
[WhiteElo "2095"]
[BlackElo "1614"]
[PlyCount "113"]
[EventDate "2012.07.05"]
[EventType "swiss"]
[EventRounds "9"]
[EventCountry "RUS"]
[SourceTitle "CBM 149 Extra"]
[Source "ChessBase"]
[SourceDate "2012.08.24"]
[SourceVersion "1"]
[SourceVersionDate "2012.08.24"]
[SourceQuality "1"]

1. f4 d5 2. Nf3 Nf6 3. g3 b6 4. Bg2 Bb7 5. 0-0 e6 6. e3 Bd6 7. b3 Nbd7 8. Bb2 Qe7 9. d4 h6 10. Nbd2 0-0-0 11. c4 g5 12. Rc1 Rhg8 13. a3 Kb8 14. b4 c5 15. bxc5 bxc5 16. Ne5 cxd4 17. exd4 gxf4 18. c5 Nxc5 19. dxc5 Bxc5+ 20. Kh1 fxg3 21. Rxf6 gxh2 22. Ndf3 Rxg2 23. Kxg2 Rg8+ 24. Kxh2 Bd6 25. Rf4 f6 26. Qe2 fxe5 27. Bxe5 Ka8 28. Rg1 Rxg1 29. Kxg1 Bxa3 30. Rg4 Bc6 31. Rg8+ Be8 32. Qb5 Qc5+ 33. Qxc5 Bxc5+ 34. Kf1 Kb7 35. Rxe8 a5 36. Rxe6 a4 37. Nd4 a3 38. Nb3 Bb4 39. Rxh6 Ka7 40. Bd4+ Ka8 41. Ra6+ Kb7 42. Rb6+ Kc7 43. Rxb4 Kc6 44. Rb6+ Kd7 45. Be5 Ke7 46. Nd4 a2 47. Rb7+ Ke8 48. Ne6 d4 49. Ng7+ Kf8 50. Bxd4 Kg8 51. Nf5 Kf8 52. Ke2 Ke8 53. Nd6+ Kf8 54. Bf6 Kg8 55. Rg7+ Kf8 56. Rh7 a1N 57. Rh8# 1-0